25,000 years of jewelry : (Record no. 607958)

000 -LEADER
fixed length control field 03873cam a22004937i 4500
001 - CONTROL NUMBER
control field 18823829
003 - CONTROL NUMBER IDENTIFIER
control field OSt
005 - DATE AND TIME OF LATEST TRANSACTION
control field 20240221101452.0
008 - FIXED-LENGTH DATA ELEMENTS--GENERAL INFORMATION
fixed length control field 151020t20152015gw a | bc 00| 0 eng d
010 ## - LIBRARY OF CONGRESS CONTROL NUMBER
LC control number 2015472223
020 ## - INTERNATIONAL STANDARD BOOK NUMBER
International Standard Book Number 3791354434 (pbk.)
020 ## - INTERNATIONAL STANDARD BOOK NUMBER
International Standard Book Number 9783791354439 (pbk.)
035 ## - SYSTEM CONTROL NUMBER
System control number (OCoLC)ocn905684192
040 ## - CATALOGING SOURCE
Original cataloging agency YDXCP
Language of cataloging eng
Description conventions rda
Transcribing agency YDXCP
Modifying agency NZWPM
-- OCLCO
-- BKL
-- UAB
-- OCLCF
-- OCLCO
-- DLC
041 1# - LANGUAGE CODE
Language code of text/sound track or separate title eng
Language code of original ger
042 ## - AUTHENTICATION CODE
Authentication code lccopycat
043 ## - GEOGRAPHIC AREA CODE
Geographic area code e-gx---
050 00 - LIBRARY OF CONGRESS CALL NUMBER
Classification number NK7306
Item number .A1813 2015
082 04 - DEWEY DECIMAL CLASSIFICATION NUMBER
Classification number 739.27074
Edition number 23
Author Mark TWE
130 0# - MAIN ENTRY--UNIFORM TITLE
Uniform title 25,000 Jahre Schmuck.
Language of a work English.
9 (RLIN) 120967
245 00 - TITLE STATEMENT
Title 25,000 years of jewelry :
Remainder of title from the collections of the Staatliche Museen zu Berlin /
Statement of responsibility, etc. edited for the Staatliche Museen zu Berlin by Maren Eichhorn-Johannsen and Adelheid Rasche ; in collaboration with Astrid Bähr and Svenia Schneider ; with photographs by Stefan Büchner ; translation from the German, Bram Opstelten.
246 3# - VARYING FORM OF TITLE
Title proper/short title Twenty-five thousand years of jewelry
246 30 - VARYING FORM OF TITLE
Title proper/short title Jewelry
250 ## - EDITION STATEMENT
Edition statement New edition.
260 ## - PUBLICATION, DISTRIBUTION, ETC.
Place of publication, distribution, etc. Munich:
-- London:
-- New York:
Name of publisher, distributor, etc. Prestel,
Date of publication, distribution, etc. 2015.
300 ## - PHYSICAL DESCRIPTION
Extent 383 pages :
Other physical details illustrations (chiefly color) ;
Dimensions 31 cm
500 ## - GENERAL NOTE
General note Published for the Staatliche Museen zu Berlin.
504 ## - BIBLIOGRAPHY, ETC. NOTE
Bibliography, etc. note Includes bibliographical references (pages 382-383).
505 0# - FORMATTED CONTENTS NOTE
Formatted contents note Jewelry in ancient Egypt / Klaus Finneiser -- Jewelry sets from the late Bronze Age / Alix Hänsel -- Etruscan gold work / Gertrud Platz-Horster -- Woven jewelry : textile imitation of jewelry from late antiquity and the early Byzantine period / Cäcilia Fluck -- Notes on the value of "jewelry" in pre-Columbian America / Manuela Fischer -- Jewelry in the medieval Islamic world / Gisela Helmecke -- The royal Gnadenpfennig (1610) / Elke Bannicke -- Precious stones and valuable jewelry at Indian royal courts / Raffael Gadebusch -- Remarks on modern-era garment jewelry / Adelheid Rasche -- Egidius Verhelst's portrait of electress Elisabeth Auguste of Palatine-Sulzbach and Bavaria / Julia Sedda -- "What the war spared" : the jewelry collection of Aloys and Maria Lautenschläger at the Kunstgewerbemuseum / Christine Waidenschlager -- Historical jewelry of the Erzya and Moksha (Mordvins) in Russia / Elisabeth Tietmeyer -- Memorial, friendship, and mourning jewelry / Svenia Schneider -- Berlin iron jewelry : "gold I gave in return for iron" / Svenia Schneider -- Hair accessories in the collections of the Staatliche Museen zu Berlin / Maren Eichhorn-Johannsen -- Jewels from South- and Southeast Asia : the people of the Golden Triangle and the Naga of India / Roland Platz -- Sounds and scents : jewelry from the Middle Sepik region in Papua New Guinea / Markus Schindlbeck -- Adorned and protected : amulets and talismans as exemplified by children's garments among the Turkmen / Ingrid Pfluger-Schindlbeck -- A surrealist jewel : Salvador Dali's Portrait of Mrs. Isabel Styler-Tas (Melancolia) / Dieter Scholz -- A special look : the evolution of the jewelry collection of the Museum Europäischer Kulturen / Christine Binroth, Dagmar Neuland-Kitzerow.
610 20 - SUBJECT ADDED ENTRY--CORPORATE NAME
Corporate name or jurisdiction name as entry element Staatliche Museen zu Berlin--Preussischer Kulturbesitz
Form subdivision Catalogs.
9 (RLIN) 120968
650 #0 - SUBJECT ADDED ENTRY--TOPICAL TERM
Topical term or geographic name entry element Jewelry
Geographic subdivision Germany
-- Berlin
Form subdivision Catalogs.
9 (RLIN) 120969
650 #0 - SUBJECT ADDED ENTRY--TOPICAL TERM
Topical term or geographic name entry element Jewelry
General subdivision History
Form subdivision Catalogs.
9 (RLIN) 120970
690 ## - LOCAL SUBJECT ADDED ENTRY--TOPICAL TERM (OCLC, RLIN)
Source of heading or term Jewelry.
9 (RLIN) 10528
700 1# - ADDED ENTRY--PERSONAL NAME
Personal name Eichhorn, Maren,
Relator term editor.
9 (RLIN) 120971
700 1# - ADDED ENTRY--PERSONAL NAME
Personal name Rasche, Adelheid,
Relator term editor.
9 (RLIN) 120972
700 1# - ADDED ENTRY--PERSONAL NAME
Personal name Bähr, Astrid.
9 (RLIN) 120973
700 1# - ADDED ENTRY--PERSONAL NAME
Personal name Schneider, Svenia.
9 (RLIN) 120974
700 1# - ADDED ENTRY--PERSONAL NAME
Personal name Opstelten, Bram,
Relator term translator.
9 (RLIN) 120975
710 2# - ADDED ENTRY--CORPORATE NAME
Corporate name or jurisdiction name as entry element Staatliche Museen zu Berlin--Preussischer Kulturbesitz.
9 (RLIN) 120976
906 ## - LOCAL DATA ELEMENT F, LDF (RLIN)
a 7
b cbc
c copycat
d 2
e ncip
f 20
g y-gencatlg
942 ## - ADDED ENTRY ELEMENTS (KOHA)
Source of classification or shelving scheme
Koha item type Book
Institution code [OBSOLETE] SADA
Call number prefix 739.27074 TWE 2015
Holdings
Withdrawn status Lost status Source of classification or shelving scheme Damaged status Not for loan Permanent Location Current Location Date acquired Source of acquisition Total Checkouts Full call number Barcode Date last seen Cost, replacement price Price effective from Koha item type
          School of Art Design and Architecture (SADA) School of Art Design and Architecture (SADA) 10/07/2019 Saeed Book   739.27074 TWE 2015 SADA0002836 02/21/2024 6140.00 02/21/2024 Book
© 2023 Central Library, National University of Sciences and Technology. All Rights Reserved.